№ 33; Научные приборы

Dades bibliogràfiques
Parent link:Научные приборы: бюллетень/ Совет экономической взаимопомощи (СЭВ), Комитет по научно-техническому сотрудничеству. № 33.— , 1973-1985
Altres autors: Ерофеева О. В. (редактор)
Idioma:rus
Publicat: 1984
Matèries:
Format: MixedMaterials Llibre
KOHA link:https://koha.lib.tpu.ru/cgi-bin/koha/opac-detail.pl?biblionumber=297928

MARC

LEADER 00000nam2a2200000 4500
001 297928
005 20231102001044.0
035 |a (RuTPU)RU\TPU\book\323063 
035 |a RU\TPU\book\322407 
090 |a 297928 
100 |a 20150613d1984 km y0rusy50 ca 
101 0 |a rus 
102 |a RU 
105 |a a z 001zy 
200 0 |a № 33 
210 |d 1984 
215 |a 47 с.  |c ил. 
320 |a Библиогр. в конце ст. 
461 1 |0 (RuTPU)RU\TPU\book\291587  |t Научные приборы  |o бюллетень  |f Совет экономической взаимопомощи (СЭВ), Комитет по научно-техническому сотрудничеству  |v № 33  |d 1973-1985 
606 1 |a Научно-исследовательская работа  |x Автоматизация  |2 stltpush  |3 (RuTPU)RU\TPU\subj\45143  |9 64405 
610 1 |a научные исследования 
610 1 |a научные приборы 
610 1 |a научная аппаратура 
610 1 |a измерители 
610 1 |a теплоемкость 
610 1 |a теплофизические свойства 
610 1 |a теплопроводность 
610 1 |a калориметры 
686 |a Ч215.3  |v LBC/SL-A  |2 rubbk 
702 1 |a Ерофеева  |b О. В.  |4 340 
801 1 |a RU  |b 63413507  |c 20150606 
801 2 |a RU  |b 63413507  |c 20190320  |g RCR 
942 |c BK